000 01214cam a22002531i 4500
003 OSt
005 20260313124756.0
008 260215s1896 su g 000 0 ara c
040 _aSA-JeALM
_bara
_cSA-RiAUC
_erda
082 0 _a260‏
_qSA-RiAUC
090 _aم ن 260
_bن و و
100 1 _aنووي الجاوي، محمد بن عمر بن عربي،
_d1230-1316 هجري
_eمؤلف.
245 1 0 _aهذا شرح مصباح الظلم على النهج الأتم في تبويب الحكم /‏
_cمحمد نووي البنتني الجاوي ؛ تبويب علي المتقي الهروي. وبهامشه شرح البردة للمؤلف المذكور
250 _aالطبعة الأولى.‏
264 1 _aمكة المكرمة :
_bالمطبعة الميرية،‏‏
_c1896‏
300 _a132 صفحة ؛
_c29 سم
336 _aنص
_btxt
_2rdacontent
_3كتاب
337 _aبدون وسيط
_bn
_2rdamedia
650 7 _aالتصوف الإسلامي
_2aucsh
650 7 _aالحكم والمأثورات
_2aucsh
700 1 _aالهروي، علي بن أبي بكر بن علي،
_dتوفي 611 هجري
_eمقدم.
942 _2ddc
_cRBOOK COPY
_n0
949 _aSA-JeALM
_d260215
_uosman123
_n1
999 _c14563
_d14563